000 005740000a22001810004500
003 MACL
005 20160406113423.0
008 160406b xxu||||| |||| 00| 0 eng d
040 _aMACL
_cMACL
041 _aHindi
082 _a340
100 _aवाशिष्‍ठ प्रो. सरिता
_950729
245 _aमहिला और कानून
260 _aनई दिल्‍ल्‍ाी
_c2010
_bकल्‍पना प्रकाशन
350 _a695
650 _aमहिला अधिकार
_950730
942 _cHIN
_k340
_2ddc
999 _c46545
_d46545